000
00224 a2200097 4500
001
79075
090
_c
39559
_d
39559
100
_a
David H.Allen
245
_a
Introduction to Aerospace structural analysis
260
_b
John Wiley & sons
942
_a
NUST-CAE
999
_c
314148
_d
314148